[Event "Val Tho Accession"]
[Site "?"]
[Date "2006.07.18"]
[Round "4"]
[White "Meyer"]
[Black "Leemans, H."]
[Result "1-0"]
[WhiteElo "1540"]
[BlackElo "1199"]
[PlyCount "35"]
[SourceDate "2006.07.15"]

1. d4 d5 2. Nf3 e6 3. Bf4 Nf6 4. e3 Bd6 5. Bg3 O-O 6. Be2 Nc6 7. O-O Re8 8. c4
Bxg3 9. hxg3 e5 10. cxd5 Nxd5  11. Bb5 Bd7 12. Bxc6 Bxc6 13. Nxe5
Qd6 14. Na3 b5 15. Nxc6 Qxc6 16. Rc1 Qa6 17. Qb3 c6 18. Rc5 1-0

[Event "Val Tho Principal"]
[Site "?"]
[Date "2006.07.18"]
[Round "4"]
[White "Guillaumat"]
[Black "Goubet"]
[Result "1-0"]
[WhiteElo "2039"]
[BlackElo "1880"]
[PlyCount "67"]
[SourceDate "2006.07.15"]

1. d4 c6 2. e4 d6 3. Nc3 e6 4. Bd3 e5 5. Nge2 Nd7 6. f4 exd4 7. Nxd4 Nc5 8. Be3
Nh6 9. Be2 f5 10. e5 Ng4  11. Bxg4 fxg4 12. O-O h5 13. b4 g3 14.
bxc5 dxc5 15. Nf3 gxh2+ 16. Kh1 Qc7 17. Ne4 Rh6 18. Bxc5 Bxc5 19. Nxc5 b6 20.
Ne4 Bg4  21. Nd6+ Kf8 22. Qd3 h4 23. Kxh2 c5 24. Ng5 h3 25. g3 a5
26. Rf2 a4 27. Qe4 Rb8 28. f5 Bh5 29. Ne6+ Rxe6 30. fxe6+ Kg8  31.
g4 Be8 32. Raf1 Bc6 33. Qg6 Rd8 34. Rf7 1-0

[Event "Val tho principal"]
[Site "?"]
[Date "2006.07.18"]
[Round "4"]
[White "Costa"]
[Black "Roche"]
[Result "1-0"]
[WhiteElo "1810"]
[BlackElo "2038"]
[PlyCount "44"]
[SourceDate "2006.07.15"]

1. e4 c5 2. Nf3 d6 3. d4 cxd4 4. Nxd4 Nf6 5. Nc3 a6 6. Be2 e6 7. Be3 Be7 8. O-O
Qc7 9. f4 b5 10. a3 Bb7  11. Bf3 Nbd7 12. Nb3 Rd8 13. Qe2 Nc5 14.
Nd2 O-O 15. Qf2 d5 16. e5 Nfe4 17. Ndxe4 dxe4 18. Be2 f6 19. exf6 Bxf6 20. Bxc5
Qxc5  21. Qxc5 Bd4+ 22. Qxd4 Rxd4 1-0

[Event "Val Tho Principal"]
[Site "?"]
[Date "2006.07.18"]
[Round "4"]
[White "Pucher, O."]
[Black "Lees"]
[Result "1-0"]
[WhiteElo "2257"]
[BlackElo "1720"]
[PlyCount "73"]
[SourceDate "2006.07.15"]

1. d4 Nf6 2. c4 g6 3. Nc3 Bg7 4. e4 d6 5. Be2 O-O 6. Nf3 e5 7. O-O Nc6 8. d5
Ne7 9. Ne1 Nd7 10. Be3 f5 11. f3 f4 12. Bf2 g5 13. Rc1 Ng6 14. c5
Rf7 15. cxd6 cxd6 16. Nb5 Nf6 17. Nxa7 g4 18. Nxc8 Rxc8 19. Rxc8 Qxc8 20. fxg4
Nxe4  21. Bd3 Nf6 22. Bf5 Qc4 23. Be6 Kf8 24. b3 Qc3 25. g5 Ne4
26. Bxf7 Kxf7 27. Qd3 Qxd3 28. Nxd3 Ke8 29. Rc1 Nxf2 30. Nxf2 Kd7 
31. Ne4 Ne7 32. Rd1 Nf5 33. Kf2 h6 34. gxh6 Bxh6 35. Rd3 Ne3 36. Rxe3 fxe3+ 37.
Kf3 1-0

[Event "Val Tho Principal"]
[Site "?"]
[Date "2006.07.18"]
[Round "4"]
[White "Horvath, J."]
[Black "Senff"]
[Result "1-0"]
[WhiteElo "2526"]
[BlackElo "2452"]
[PlyCount "77"]
[SourceDate "2006.07.15"]

1. e4 c5 2. Nf3 d6 3. d4 cxd4 4. Nxd4 Nf6 5. Nc3 a6 6. g3 e5 7. Nb3 Be7 8. Bg2
O-O 9. O-O Nbd7 10. a4 b6  11. Re1 Bb7 12. Nd2 Rc8 13. Nf1 Nc5 14.
Bg5 Ne6 15. Bxf6 Bxf6 16. Ne3 g6 17. Ncd5 Bg5 18. c3 Bxe3 19. Rxe3 Bxd5 20.
Qxd5 Qc7  21. h4 a5 22. Bh3 Qe7 23. Rd1 Rfd8 24. Red3 Rc5 25. Qb3
Rc6 26. Qb5 Qc7 27. Bxe6 fxe6 28. Qxe5 Qe7 29. Qb5 Qc7 30. Qg5 Rf8 31. h5 Qf7 32. R1d2 Rc4 33. Rxd6 Rxe4 34. Rd8 Re1+ 35. Kh2 Qf3 36. Rxf8+ Kxf8
37. Rd8+ Kf7 38. hxg6+ hxg6 39. Rd7+ 1-0

[Event "Val Tho Principal"]
[Site "?"]
[Date "2006.07.18"]
[Round "4"]
[White "Solodovnichenko"]
[Black "Marcantoni"]
[Result "1-0"]
[WhiteElo "2537"]
[BlackElo "2250"]
[PlyCount "71"]
[SourceDate "2006.07.15"]

1. e4 c5 2. Nc3 Nc6 3. Nf3 g6 4. d4 cxd4 5. Nxd4 Bg7 6. Be3 Nf6 7. Bc4 O-O 8.
Bb3 d6 9. f3 Bd7 10. Qd2 Rc8  11. O-O-O Ne5 12. Kb1 Re8 13. Rhe1
Nc4 14. Bxc4 Rxc4 15. Nb3 Qb8 16. Bd4 b5 17. e5 b4 18. exf6 Rxd4 19. Nxd4 bxc3
20. Qxc3 Bxf6  21. Qa5 Rc8 22. Re3 Be6 23. Rc3 Bc4 24. Ra3 a6 25.
Ra4 d5 26. g3 e5 27. Rb4 Qa8 28. Nb3 d4 29. Nd2 Be2 30. Re1 Qc6 
31. Qa4 Bb5 32. Qb3 Bg5 33. f4 Qg2 34. Nf3 d3 35. Nxg5 dxc2+ 36. Kc1 1-0

[Event "Val Tho Principal"]
[Site "?"]
[Date "2006.07.18"]
[Round "4"]
[White "Karakenahov"]
[Black "Fontaine"]
[Result "0-1"]
[WhiteElo "2451"]
[BlackElo "2518"]
[PlyCount "64"]
[SourceDate "2006.07.15"]

1. d4 d5 2. Nf3 Nf6 3. e3 c6 4. c4 Bf5 5. Nc3 e6 6. Nh4 Be4 7. f3 Bg6 8. Qb3
Qc7 9. Bd2 Be7 10. O-O-O Nbd7  11. cxd5 Nxd5 12. Nxg6 hxg6 13.
Nxd5 exd5 14. Kb1 a5 15. Rc1 Nf6 16. Qa4 Qb6 17. Rc2 O-O 18. g4 Qa7 19. h4 b5
20. Qb3 a4  21. Qd3 a3 22. b3 c5 23. dxc5 Bxc5 24. h5 g5 25. Qf5
Bxe3 26. Bb4 Qd4 27. Qd3 Qxb4 28. Qxe3 Rfe8 29. Qf2 Re1+ 30. Rc1 Rxc1+ 31. Kxc1 Rc8+ 32. Kb1 Ne4 0-1

[Event "Val Tho Principal"]
[Site "?"]
[Date "2006.07.18"]
[Round "4"]
[White "Ivanisevic"]
[Black "Claverie"]
[Result "1-0"]
[WhiteElo "2596"]
[BlackElo "2331"]
[PlyCount "69"]
[SourceDate "2006.07.15"]

1. d4 d5 2. c4 Nc6 3. Nf3 Bg4 4. Ne5 Nxe5 5. dxe5 dxc4 6. Qa4+ c6 7. Qxc4 Be6
8. Qc3 g6 9. e4 Bg7 10. Nd2 Qc7  11. f4 f6 12. Qg3 fxe5 13. f5 Bf7
14. Bc4 Bxc4 15. Nxc4 Nf6 16. fxg6 Nxe4 17. Qb3 Nc5 18. Qe3 Ne6 19. gxh7 Rxh7
20. Qe4 Nf8  21. O-O Bf6 22. Bg5 Rf7 23. Be3 Qd7 24. Rad1 Qe6 25.
Rf5 Rg7 26. Bh6 Rg8 27. Be3 Rg7 28. a4 Ng6 29. Rf2 Nh4 30. g3 Rg4 
31. Rxf6 exf6 32. Nd6+ Kf8 33. Qh7 Nf3+ 34. Kf2 Ng5 35. Qh8+ 1-0

[Event "Val Tho Principal"]
[Site "?"]
[Date "2006.07.18"]
[Round "4"]
[White "Fourcart, Marc"]
[Black "Marchat"]
[Result "1-0"]
[WhiteElo "1830"]
[BlackElo "1929"]
[PlyCount "107"]
[SourceDate "2006.07.15"]

1. d4 d5 2. Nf3 Nf6 3. e3 e6 4. Bd3 c5 5. b3 Nc6 6. Bb2 cxd4 7. exd4 Bd6 8. O-O
O-O 9. Nbd2 Nb4 10. Be2 Qc7  11. c4 Ng4 12. Ne5 Nxe5 13. dxe5 Bxe5
14. Bxe5 Qxe5 15. Nf3 Qd6 16. a3 Nc6 17. cxd5 exd5 18. b4 Ne5 19. Nd4 Bd7 20.
Rc1 Rac8  21. Qb3 Ng6 22. Rcd1 a6 23. Bf3 Ne7 24. Rd2 Rfe8 25.
Rfd1 Be6 26. Nc2 Rcd8 27. Qb2 Nf5 28. Bxd5 Bxd5 29. Rxd5 Qxd5 30. Rxd5 Rxd5 31. g3 Rd1+ 32. Kg2 Rd2 33. Qc3 Red8 34. Ne1 g6 35. Qc7 R2d7 36.
Qb6 Ng7 37. Nf3 Ne6 38. Ne5 Rd5 39. Nc4 Rb5 40. Qe3 Rd4  41. Na5
b6 42. Nc6 Rd7 43. a4 Rbd5 44. Qxb6 R5d6 45. Qxa6 Nd4 46. Qa8+ Kg7 47. Ne5 Re7
48. Nc4 Rc6 49. Ne3 Ree6 50. a5 Rc1  51. Qa7 Ne2 52. a6 Ra1 53. b5
Nc3 54. Qd4+ 1-0

[Event "Val Tho Principal"]
[Site "?"]
[Date "2006.07.18"]
[Round "4"]
[White "Bratanov"]
[Black "Philippe"]
[Result "1-0"]
[WhiteElo "2420"]
[BlackElo "2411"]
[PlyCount "73"]
[SourceDate "2006.07.15"]

1. d4 f5 2. Nc3 Nf6 3. Bg5 d5 4. e3 e6 5. g4 Be7 6. gxf5 exf5 7. Bd3 Be6 8.
Nge2 Nc6 9. Nf4 Qd7 10. Bb5 Bf7  11. Qf3 O-O-O 12. Nd3 Bh5 13. Qh3
Bg4 14. Qg2 Ne4 15. Bxc6 bxc6 16. Nxe4 dxe4 17. Ne5 Bf3 18. Qf1 Bxg5 19. Rg1
Bf6 20. Qa6+ Kb8  21. Nxd7+ Rxd7 22. Qxc6 Rd6 23. Qb5+ Rb6 24.
Qxf5 g6 25. Qc5 Re8 26. a3 Ree6 27. b4 Be7 28. Qc4 Bh4 29. Ra2 a6 30. Qb3 Rbd6
 31. c4 Rf6 32. c5 Rd8 33. b5 Ka7 34. a4 h5 35. Qb4 Bg4 36. Qa5
Rd7 37. c6 1-0

[Event "Val Tho Accession"]
[Site "?"]
[Date "2006.07.18"]
[Round "4"]
[White "Schlotter"]
[Black "Bordet"]
[Result "0-1"]
[WhiteElo "1420"]
[BlackElo "1550"]
[PlyCount "86"]
[SourceDate "2006.07.15"]

1. e4 e6 2. d4 d5 3. Nc3 dxe4 4. Nxe4 Bd7 5. Nf3 Bc6 6. Bd3 Nd7 7. O-O Ngf6 8.
Bg5 Be7 9. Re1 Nxe4 10. Bxe7 Qxe7  11. Bxe4 Bxe4 12. Rxe4 Nf6 13.
Re2 Rd8 14. c3 O-O 15. Ne5 c5 16. Qa4 cxd4 17. cxd4 a6 18. Rc1 Qd6 19. Nf3 Rd7
20. Rec2 Nd5  21. Qb3 Nb4 22. Rc8 Nc6 23. Rxf8+ Kxf8 24. Rd1 h6
25. h3 b5 26. a3 Qf4 27. Qc3 Qd6 28. b4 Rc7 29. Qd3 Rd7 30. Qe3 f6 31. Re1 Kf7
 32. Rd1 Ne7 33. Rd2 Rc7 34. Rd3 Nd5 35. Qd2 Nf4 36. Re3 Nd5 37.
Re1 Rc3 38. Ra1 Qc7 39. Ne1 Nf4 40. Rc1 Rxc1 41. Kf1 Qc3 42. Qxc3 Rxc3 43. f3
Nd3 0-1

[Event "Val Tho Principal"]
[Site "?"]
[Date "2006.07.18"]
[Round "4"]
[White "Lefevre"]
[Black "Zanin"]
[Result "0-1"]
[WhiteElo "1817"]
[BlackElo "2063"]
[PlyCount "70"]
[SourceDate "2006.07.15"]

1. d4 Nf6 2. Nf3 g6 3. Bf4 Bg7 4. c3 O-O 5. e3 d6 6. Bd3 Nc6 7. Qc2 Re8 8. Bg5
e5 9. Nbd2 exd4 10. Nxd4 Ne5  11. Be2 c5 12. N4f3 Bf5 13. Qb3 Nd3+
14. Bxd3 Bxd3 15. Rd1 b5 16. c4 bxc4 17. Nxc4 Bxc4 18. Qxc4 Qa5+ 19. Qc3 Qxc3+
20. bxc3 Ne4  21. c4 Bc3+ 22. Kf1 Rab8 23. Bh4 Rb2 24. g4 Reb8 25.
Kg2 Rxa2 26. Ng5 Nd2 27. Bg3 Nxc4 28. Rc1 Nxe3+ 29. Kf3 Nc2 30. Bxd6 Rb3 31. Rb1 c4 32. Rxb3 cxb3 33. Rd1 Nd4+ 34. Kg2 f5 35. h3 b2 0-1

[Event "Val Tho Principal"]
[Site "?"]
[Date "2006.07.18"]
[Round "4"]
[White "Stets"]
[Black "Pucher, S."]
[Result "0-1"]
[WhiteElo "2408"]
[BlackElo "2218"]
[PlyCount "65"]
[SourceDate "2006.07.15"]

1. e4 c5 2. Nf3 d6 3. d4 cxd4 4. Nxd4 Nf6 5. Nc3 a6 6. Be3 e5 7. Nb3 Be6 8. Qd2
Nbd7 9. O-O-O b5 10. f3 Rc8  11. Kb1 Be7 12. g4 Nb6 13. g5 Nh5 14.
Na5 O-O 15. Rg1 g6 16. h4 Qc7 17. Nd5 Nxd5 18. exd5 Bxd5 19. Qxd5 Qxa5 20. c4
Rb8  21. Rg4 Rfc8 22. cxb5 axb5 23. a4 Nf4 24. Bxf4 Qxa4 25. b3
Qa7 26. Rc1 exf4 27. Rxc8+ Rxc8 28. Bxb5 Rc5 29. Qd3 Qa5 30. Ba4 Qe1+ 31. Ka2 Rc1 32. Kb2 Rd1 33. Qc3 0-1

[Event "Val Tho Principal"]
[Site "?"]
[Date "2006.07.18"]
[Round "4"]
[White "Meinsohn"]
[Black "Horvath, T."]
[Result "1/2-1/2"]
[WhiteElo "2241"]
[BlackElo "2426"]
[PlyCount "61"]
[SourceDate "2006.07.15"]

1. e4 c5 2. Nf3 Nc6 3. Bb5 e6 4. O-O Nge7 5. Re1 Ng6 6. c3 a6 7. Bxc6 bxc6 8.
d4 cxd4 9. cxd4 d5 10. Nc3 Be7  11. Qc2 O-O 12. Na4 dxe4 13. Qxe4
Qd5 14. Qc2 Rb8 15. Be3 Qh5 16. Ne5 Rb5 17. Qe2 Qxe2 18. Rxe2 Nxe5 19. dxe5
Rxe5 20. Rc2 Bb7  21. Bc5 Re8 22. Bxe7 Rxe7 23. Nc5 g5 24. b3 Bc8
25. Nd3 Re4 26. Rxc6 Bb7 27. Rc3 Rg4 28. g3 Rd4 29. Nc5 Bd5 30. Kf1 Ra7 31. Ke2
1/2-1/2

[Event "Val Tho Principal"]
[Site "?"]
[Date "2006.07.19"]
[Round "5"]
[White "Marcantoni"]
[Black "Martenet"]
[Result "1/2-1/2"]
[WhiteElo "2250"]
[BlackElo "2035"]
[PlyCount "39"]
[SourceDate "2006.07.15"]

1. e4 c5 2. Nf3 Nc6 3. d4 cxd4 4. Nxd4 Nf6 5. Nc3 e5 6. Ndb5 d6 7. Bg5 a6 8.
Na3 b5 9. Bxf6 gxf6 10. Nd5 f5  11. c3 Bg7 12. exf5 Bxf5 13. Nc2
O-O 14. Nce3 Be6 15. g3 f5 16. Qh5 Bf7 17. Qd1 Be6 18. Qh5 Bf7 19. Qd1 Be6 20.
Qh5 1/2-1/2

[Event "Val Tho Accession"]
[Site "?"]
[Date "2006.07.19"]
[Round "5"]
[White "Soos, Francky"]
[Black "Felix, Alain"]
[Result "1-0"]
[WhiteElo "1440"]
[BlackElo "1180"]
[PlyCount "59"]
[SourceDate "2006.07.15"]

1. e4 e5 2. Nf3 Nc6 3. Bc4 Bc5 4. d3 d6 5. Ng5 Nh6 6. O-O O-O 7. Nf3 Be6 8.
Bxe6 fxe6 9. Bxh6 gxh6 10. c3 Kf7 11. Qb3 Ke7 12. Qxb7 Rb8 13. Qxc6 Rb6 14. Qa4
Rg8 15. d4 exd4 16. cxd4 Bb4 17. a3 Bxa3 18. Qxa3 Qf8 19. Nbd2 Qg7 20. g3 h5
21. Qxa7 Kd7 22. Rfc1 Rc6 23. Qa4 h4 24. Qxc6+ Ke7 25. Qxc7+ Kf6 26. e5+ dxe5
27. Qxe5+ Kg6 28. Nxh4+ Kh6 29. Qxg7+ Kxg7 30. Rc6 1-0

[Event "Val Tho Principal"]
[Site "?"]
[Date "2006.07.19"]
[Round "5"]
[White "Ungureanu"]
[Black "Triger"]
[Result "1/2-1/2"]
[WhiteElo "2264"]
[BlackElo "2085"]
[PlyCount "41"]
[SourceDate "2006.07.15"]

1. d4 d5 2. c4 e6 3. Nf3 c6 4. Qb3 Bd6 5. Nc3 Nf6 6. g3 Nbd7 7. Bf4 Bxf4 8.
gxf4 dxc4 9. Qxc4 Nd5 10. e3 Qa5 11. Nd2 Nxc3 12. Qxc3 Qxc3 13. bxc3 b6 14. Bd3
g6 15. h4 h5 16. Ke2 Bb7 17. a4 c5 18. Rhb1 Ke7 19. a5 Bc6 20. Be4 Kd6 21. axb6
1/2-1/2

[Event "Val Tho Principal"]
[Site "?"]
[Date "2006.07.19"]
[Round "5"]
[White "Jeannerot, Léa"]
[Black "Nockels, Nicolas"]
[Result "0-1"]
[WhiteElo "1750"]
[BlackElo "1973"]
[PlyCount "68"]
[SourceDate "2006.07.15"]

1. e4 e5 2. Nf3 Nc6 3. Bc4 Bc5 4. c3 Nf6 5. d4 exd4 6. cxd4 Bb4+ 7. Bd2 Bxd2+
8. Nbxd2 d5 9. exd5 Nxd5 10. Qb3 Nce7 11. O-O O-O 12. Rfe1 Nb6 13. Bd3 Nc6 14.
Re4 Be6 15. Qc2 Nb4 16. Rh4 Qxh4 17. Nxh4 Nxc2 18. Bxc2 Rad8 19. Nhf3 Rfe8 20.
a3 Nc4 21. Nxc4 Bxc4 22. Bd1 c6 23. b4 Bd5 24. Nd2 Re1+ 25. Nf1 Bc4 26. Be2
Rxa1 27. Bxc4 Rxd4 28. Be2 Rd2 29. Bf3 Rc2 30. Be4 Rcc1 31. Bd3 Rd1 32. Be2 Re1
33. Bd3 Rad1 34. Bc4 b5 0-1

[Event "Val Tho Principal"]
[Site "?"]
[Date "2006.07.19"]
[Round "5"]
[White "Horvath , J."]
[Black "Ivanisevic"]
[Result "1/2-1/2"]
[WhiteElo "2524"]
[BlackElo "2596"]
[PlyCount "41"]
[SourceDate "2006.07.15"]

1. d4 Nf6 2. c4 e6 3. Nf3 d5 4. Nc3 c6 5. e3 Nbd7 6. Qc2 Bd6 7. Bd3 O-O 8. O-O
dxc4 9. Bxc4 a6 10. Rd1 Qc7  11. Ne4 Nxe4 12. Qxe4 Rd8 13. Bd2 Nf8
14. Rac1 b6 15. Be2 Bb7 16. Qb1 Ng6 17. Bc3 Qe7 18. g3 c5  19.
dxc5 Bxc5 20. Rxd8+ Rxd8 21. Rd1 1/2-1/2

[Event "Val Tho Principal"]
[Site "?"]
[Date "2006.07.19"]
[Round "5"]
[White "Philippe"]
[Black "Minet"]
[Result "1-0"]
[WhiteElo "2411"]
[BlackElo "2198"]
[PlyCount "46"]
[SourceDate "2006.07.15"]

1. e4 c6 2. d4 d5 3. Nc3 dxe4 4. Nxe4 Nf6 5. Nxf6+ gxf6 6. c3 Bf5 7. Nf3 Qc7 8.
g3 Nd7 9. Bg2 e6 10. Qd2 O-O-O  11. O-O h5 12. Nh4 Bd6 13. b4 Bg4
14. Qb2 Nb6 15. a4 e5 16. b5 c5 17. a5 Nc4 18. b6 axb6 19. axb6 Nxb6 20. Be3 e4
 21. Rfb1 Nd5 22. Bxe4 Nxe3 23. Qb5 Qb8 1-0

[Event "Val Tho Accession"]
[Site "?"]
[Date "2006.07.19"]
[Round "5"]
[White "Bordet"]
[Black "Parpillon"]
[Result "1-0"]
[WhiteElo "1550"]
[BlackElo "1757"]
[PlyCount "81"]
[SourceDate "2006.07.15"]

1. d4 d5 2. c4 Nf6 3. Nf3 e6 4. Nc3 c6 5. e3 Bb4 6. a3 Ba5 7. Bd3 dxc4 8. Bxc4
b5 9. Bd3 Nbd7 10. O-O O-O  11. b4 Bc7 12. e4 h6 13. Qb3 e5 14.
Bb2 exd4 15. Nxd4 Ne5 16. Nce2 Bb7 17. Rad1 Rc8 18. Nf5 Nfd7 19. Kh1 Kh7 20. f4
Ng4  21. h3 Ngf6 22. e5 g6 23. Nh4 Rg8 24. exf6 Nxf6 25. Bxg6+
fxg6 26. Rxd8 Bxd8 27. Nf3 Nd5 28. Qd3 Bf6 29. Bxf6 Nxf6 30. Re1 Rcd8 31. Qc2
Rge8 32. Ne5 Rg8 33. Ng3 Rde8 34. Qb1 Nd5 35. f5 Nf4 36. fxg6+ Nxg6 37. Nxg6
Rxe1+ 38. Qxe1 Rxg6 39. Nf5 Kh8 40. Qe5+ Kh7 41. Qe7+ 1-0

[Event "Val Tho Accession"]
[Site "?"]
[Date "2006.07.19"]
[Round "5"]
[White "Fontaine, Robert"]
[Black "Gladyszev, Pleg"]
[Result "0-1"]
[WhiteElo "2517"]
[BlackElo "2457"]
[PlyCount "66"]
[SourceDate "2006.07.15"]

1. d4 Nf6 2. Bg5 c5 3. d5 Ne4 4. Bf4 Qb6 5. Nd2 Qxb2 6. Nxe4 Qb4+ 7. c3 Qxe4 8.
e3 g5 9. Bg3 Bg7 10. Rc1 b5  11. Nf3 g4 12. Nd2 Qxd5 13. Qxg4 O-O
14. e4 Qxa2 15. Bxb5 Ba6 16. Bxa6 Qxa6 17. e5 f5 18. Qc4+ Qxc4 19. Nxc4 f4 20.
Bh4 Nc6  21. O-O Rf5 22. Rfd1 Nxe5 23. Nxe5 Rxe5 24. Rxd7 a5 25.
Rd2 a4 26. Ra2 a3 27. f3 Re6 28. Bf2 Ra5 29. Be1 Rb6 30. Kf2 Kf7 
31. Ke2 Rb2+ 32. Rxb2 axb2 33. Rc2 Ra2 0-1

[Event "Val Tho Principal"]
[Site "?"]
[Date "2006.07.19"]
[Round "5"]
[White "Jester"]
[Black "Di Nicolantonio"]
[Result "0-1"]
[WhiteElo "1910"]
[BlackElo "1720"]
[PlyCount "82"]
[SourceDate "2006.07.15"]

1. d4 Nf6 2. Nf3 c5 3. c4 cxd4 4. Nxd4 g6 5. Nc3 Bg7 6. Bg5 Nc6 7. e3 Qa5 8.
Bxf6 Bxf6 9. Qd2 e6 10. Be2 a6  11. Rd1 Nxd4 12. exd4 O-O 13. O-O
Bg7 14. Bf3 d6 15. b3 Rb8 16. Rfe1 b5 17. cxb5 axb5 18. Ne4 Qxd2 19. Rxd2 Bb7
20. Rd3 Bxe4  21. Bxe4 d5 22. Bf3 Ra8 23. Re2 Rfc8 24. Rb2 b4 25.
Kf1 Kf8 26. Bd1 Ke7 27. Ke2 Kd6 28. Ke3 g5 29. a4 bxa3 30. Ra2 e5 
31. dxe5+ Bxe5 32. Bf3 Rc3 33. Rxc3 Bxc3 34. Kd3 Bb2 35. h3 Rc8 36. Bd1 Kc5 37.
Bc2 Kb4 38. Kd2 Rc3 39. Kd1 Rxb3 40. Bxb3 Kxb3 41. Rxb2+
axb2 0-1

[Event "Val Tho Accession"]
[Site "?"]
[Date "2006.07.20"]
[Round "6"]
[White "Dubois, Rémi"]
[Black "Lachaud, Pierre"]
[Result "1-0"]
[WhiteElo "1130"]
[BlackElo "1099"]
[PlyCount "59"]
[SourceDate "2006.07.15"]

1. e4 e5 2. Nf3 Nc6 3. Bc4 Nf6 4. Ng5 Qe7 5. Bxf7+ Kd8 6. Bc4 Ke8 7. Nc3 Na5 8.
Be2 d6 9. d3 Bd7 10. Nf3  10... Bg4 11. Bg5 Bxf3 12. Bxf3 h6 13.
Bxf6 gxf6 14. Nd5 Qd7 15. Nxf6+ Kd8 16. Nxd7 Kxd7 17. d4 exd4 18. Qxd4 Rg8 19.
O-O Bg7 20. Qb4 Nc6  21. Qxb7 Rab8 22. Bg4+ Ke7 23. Qxc7+ Kf6 24.
Qxd6+ Kg5 25. Be6 Rgd8 26. Qxc6 Rb6  27. f4+ Kh4 28. g3+ Kh5 29.
Qc5+ Kg6 30. Qf5# 1-0

[Event "Val Thorens"]
[Site "?"]
[Date "2006.07.19"]
[Round "5"]
[White "Horvath, Tamas"]
[Black "Pucher, Olivier"]
[Result "1-0"]
[WhiteElo "2427"]
[BlackElo "2257"]
[Annotator "Pucher,Olivier"]
[PlyCount "83"]
[SourceDate "2006.07.15"]

1. e4 c5 2. Nf3 e6 3. d4 cxd4 4. Nxd4 Nc6 5. Nc3 Qc7 {
La defense Taimanov, que joue egalement mon adversaire.} 6. f4 a6 7. Nxc6 Qxc6
8. Bd3 Bc5 (8... b5 {est un autre ordre de coups possible.}) 9. Qe2 (9. Qg4 $5)
9... b5 10. Be3 Bb7 11. O-O-O Ne7 12. f5 $5 { Une idee interessante;
au prix d'un affaiblissement des cases noires, les blancs veulent ouvrir le
jeu a l'aile-roi avant que les noirs n'aient fini leur developpement.} 12...
O-O-O 13. Rhf1 f6 $5 {
Une bonne idee de defense, la menace positionnelle est ...e5 suivi de ...d5.}
14. Bxc5 {les blancs prennent leurs responsabilites.} 14... Qxc5 15. fxe6 Qg5+
{un echec intermediaire obligatoire:} (15... dxe6 $2 16. Qg4 {
attaque a la fois les pions e6 et g7.}) 16. Kb1 dxe6 17. a4 $1 {L'idee des
cs, qui attaquent le roi noir pendant que la dame est de l'autre cote de
l'echiquier.} 17... Nc6 $8 (17... b4 $2 18. Bxa6 $1 bxc3 19. Qc4+ Kb8 20. Qb4 {
et les blancs matent!}) 18. h4 $5 {
Le cavalier defendait le pion b5 grace a une fourchette:} (18. axb5
Nd4 19. Qf2 axb5 $11) 18... Qe5 $2 {Faisant confiance a tort a m'adversaire.} (
{J'avais peur d'eloigenr encore plus ma dame par} 18... Qxh4 $1 {mais apres}
19. axb5 (19. Qe3 b4 20. Na2 Rd4 $15) 19... Nd4 20. Qe3 axb5 21. Bxb5 e5 {
on obtient une position interessante aux chances equilibrees.}) 19. axb5 Nd4
20. Qg4 axb5 21. Qxg7 Rhg8 (21... b4 22. Na4 Qa5 23. b3 $16) 22. Qxf6 Qxf6 23.
Rxf6 Rxg2 {Diagramme # A present les blancs ont gagne un pion, mais la finale
est tres tactique et le peu de pions restants sur l'echiquier donne des
chances de nulle raisonnable.} 24. Rf7 (24. Na2 {
pour aller en b4 echange encore un pion:} 24... Rg4 25. Rh6 Nf3 26. Rxe6 Bxe4
27. h5 $14) 24... b4 $1 {Le contre-jeu necessaire.} 25. Na4 b3 26. Nb6+ (26. c3
$2 {expose le roi blanc a des mats du couloir:} 26... Nf3 27. Nb6+ Kb8 28. Nd7+
Kc8 29. Ba6 Rxd7 30. Bxb7+ Rxb7 31. Rf8+ Kc7 32. Rxf3 Re2 $11 {
et la finale de tours doit tenir sans trop de soucis.}) 26... Kb8 27. cxb3 Nxb3
28. Nd7+ {
Une position critique.} 28... Ka7 {Entrant dans des
complications qui favorisent les blancs, mais ou les deux rois peuvent se
retrouver dans des reseaux de mat!} ({Fritz refute} 28... Kc8 {par le brillant}
29. Ba6 $1 $18 {qui a echappe aux deux joueurs!} ({
J'avais juge la finale de fous apres} 29. Bc2 Nd2+ 30. Kc1 Rxd7 31. Rxd7 Kxd7
32. Rxd2+ Rxd2 33. Kxd2 e5 $14 {
comme nulle, mais redoutais la finale de tours apres}) (29. Be2 Bxe4+ 30. Ka2
Bd5 31. Nb6+ Kb8 32. Nxd5 Rxe2 33. Kxb3 Rxd5 34. Rxd5 exd5 35. Rxh7 $16 {
ou le roi noir est tres mal place.}) 29... Rxd7 30. Rdxd7 Bxa6 31. Ra7 Nd2+ 32.
Ka2 Bc4+ 33. Ka3 Kb8 34. Rfb7+ Kc8 35. Rxh7 Kb8 36. Kb4 $18 {
et les tours en septieme rangee sont bien plus fortes que les pieces noires.})
29. Ka2 $1 Nd2 30. Rc1 $1 {Diagramme # J'avais sous-estime ce coup.} 30... Ra8
{menace Fd5+ et sur exd5, Rb7 mat!} 31. Rc3 (31. Ka3 {
sortant des mats sur la colonne 'a' gagne:} 31... Rg3 32. Kb4 Rxd3 33. Ra1+ Ba6
34. Nc5+ Kb6 35. Nxd3 Nxe4 $18) 31... Bc6 $8 32. Ra3+ (32. Rxc6 Kb7+ 33. Ra6
Rxa6+ 34. Bxa6+ Kxa6 35. Rxh7 Nxe4 {
est plutot acceptable pour les noirs au vu des risques pris, mais}) (32. Ka3 $1
{gagne toujours.}) 32... Kb7 33. Ba6+ Kc7 ({et pas} 33... Rxa6 $2 34. Nc5+ Kb6
35. Rxa6+ $1 Kxc5 36. Rc7 $18) 34. Ne5+ Kb6 35. Re7 $6 {
Un raffinement inutile qui offre une opportunite aux noirs.} (35. Nxc6 Rxa6 36.
Rxa6+ Kxa6 37. Re7 {est le bon ordre de coups pour transposer dans la partie.})
35... Rxa6 $6 ({Les noirs pouvaient reprendre un pion par} 35... Bxe4 $1 36.
Rxe6+ Kc7 $1 $14 {
avec d'excellentes chances de nulle, mais dans le zeitnot je n'ai considere que
} (36... Kc5 $2 {qui est refute par:} 37. Nd7+ Kd4 38. Rd6+ Bd5+ 39. Rxd5+ $1
Kxd5 40. Bb7+)) 36. Rxa6+ Kxa6 37. Rxe6 Nxe4 38. Rxc6+ Kb7 $6 (38... Kb5 $1 {
sans craindre Tc7 place le roi en position bien plus active, avec la encore de
bonnes chances de partager le point.}) 39. Rh6 {
un excellent poste pour la tour, qui reduit tour et roi noirs a la passivite.}
39... Rg7 40. b4 Re7 (40... Ng3 $5 {
pour aller en f5 deloger la Th6, et tout reste a faire pour les blancs.}) 41.
Nc6  41... Rf7 $4 {Quel gaffe !} 42. Nd8+ {
Une belle victoire de Tamas Horvath dans une partie combative.} 1-0

[Event "Val Tho Accession"]
[Site "?"]
[Date "2006.07.20"]
[Round "6"]
[White "Kocher"]
[Black "Maquoi"]
[Result "0-1"]
[WhiteElo "1240"]
[BlackElo "1345"]
[PlyCount "60"]
[SourceDate "2006.07.15"]

1. e4 e5 2. Nf3 Nf6 3. d4 Nxe4 4. Qe2 d5 5. Nxe5 Nd7 6. Nf3 Be7 7. c4 c6 8.
cxd5 Qa5+ 9. Nbd2 cxd5 10. Qb5 Qxb5  11. Bxb5 O-O 12. O-O Ndf6 13.
h3 Be6 14. Ne5 Rac8 15. Nb3 Rc2 16. Nd3 Nh5 17. Nf4 Rxc1 18. Nxh5 Rxa1 19. Rxa1
Rc8 20. f3 Nf6  21. Nxf6+ Bxf6 22. Nc5 Bxd4+ 23. Kh1 Bxc5 24. Rc1
d4 25. b3 b6 26. Ba6 Rd8 27. f4 d3 28. g4 d2 29. Rd1 Bd5+ 30. Kh2 Bf3 0-1